<?xml version="1.0" encoding="UTF-8"?>
<record
    xmlns:xsi="http://www.w3.org/2001/XMLSchema-instance"
    xsi:schemaLocation="http://www.loc.gov/MARC21/slim http://www.loc.gov/standards/marcxml/schema/MARC21slim.xsd"
    xmlns="http://www.loc.gov/MARC21/slim">

  <leader>02115nam0a2200349 i 4500</leader>
  <controlfield tag="001">RU\NLR\BIBL_A\010824128</controlfield>
  <controlfield tag="005">20260407081354.0</controlfield>
  <datafield tag="010" ind1=" " ind2=" ">
    <subfield code="a">9785202012501</subfield>
    <subfield code="b">&#x432; &#x43F;&#x435;&#x440;.</subfield>
    <subfield code="9">500</subfield>
  </datafield>
  <datafield tag="021" ind1=" " ind2=" ">
    <subfield code="a">RU</subfield>
    <subfield code="b">2015-66886</subfield>
    <subfield code="9">4001</subfield>
  </datafield>
  <datafield tag="035" ind1=" " ind2=" ">
    <subfield code="a">(NLR Aleph) 010824128</subfield>
  </datafield>
  <datafield tag="090" ind1=" " ind2=" ">
    <subfield code="a">10255872</subfield>
    <subfield code="c">10255872</subfield>
  </datafield>
  <datafield tag="100" ind1=" " ind2=" ">
    <subfield code="a">20150820d2014    km y0rusy50      ca</subfield>
  </datafield>
  <datafield tag="101" ind1="0" ind2=" ">
    <subfield code="a">rus</subfield>
  </datafield>
  <datafield tag="102" ind1=" " ind2=" ">
    <subfield code="a">RU</subfield>
  </datafield>
  <datafield tag="105" ind1=" " ind2=" ">
    <subfield code="a">ac||z|||001yy</subfield>
  </datafield>
  <datafield tag="200" ind1="1" ind2=" ">
    <subfield code="a">&#x41D;&#x435;&#x434;&#x440;&#x430; &#x437;&#x435;&#x43C;&#x43B;&#x438;</subfield>
    <subfield code="e">&#x43C;&#x435;&#x441;&#x442;&#x43E;&#x440;&#x43E;&#x436;&#x434;&#x435;&#x43D;&#x438;&#x44F;, &#x43C;&#x435;&#x442;&#x430;&#x43B;&#x43B;&#x43E;&#x433;&#x435;&#x43D;&#x438;&#x44F;</subfield>
    <subfield code="f">&#x41C;. &#x414;. &#x421;&#x43A;&#x443;&#x440;&#x441;&#x43A;&#x438;&#x439;</subfield>
    <subfield code="g">&#x410;&#x43A;&#x430;&#x434;&#x435;&#x43C;&#x438;&#x44F; &#x435;&#x441;&#x442;&#x435;&#x441;&#x442;&#x432;&#x435;&#x43D;&#x43D;&#x44B;&#x445; &#x43D;&#x430;&#x443;&#x43A; &#x420;&#x43E;&#x441;&#x441;&#x438;&#x439;&#x441;&#x43A;&#x43E;&#x439; &#x424;&#x435;&#x434;&#x435;&#x440;&#x430;&#x446;&#x438;&#x438;, &#x424;&#x435;&#x434;&#x435;&#x440;&#x430;&#x43B;&#x44C;&#x43D;&#x43E;&#x435; &#x433;&#x43E;&#x441;&#x443;&#x434;&#x430;&#x440;&#x441;&#x442;&#x432;&#x435;&#x43D;&#x43D;&#x43E;&#x435; &#x43E;&#x431;&#x440;&#x430;&#x437;&#x43E;&#x432;&#x430;&#x442;&#x435;&#x43B;&#x44C;&#x43D;&#x43E;&#x435; &#x443;&#x447;&#x440;&#x435;&#x436;&#x434;&#x435;&#x43D;&#x438;&#x435; &#x432;&#x44B;&#x441;&#x448;&#x435;&#x433;&#x43E; &#x43F;&#x440;&#x43E;&#x444;&#x435;&#x441;&#x441;&#x438;&#x43E;&#x43D;&#x430;&#x43B;&#x44C;&#x43D;&#x43E;&#x433;&#x43E; &#x43E;&#x431;&#x440;&#x430;&#x437;&#x43E;&#x432;&#x430;&#x43D;&#x438;&#x44F; "&#x41A;&#x443;&#x437;&#x431;&#x430;&#x441;&#x441;&#x43A;&#x438;&#x439; &#x433;&#x43E;&#x441;&#x443;&#x434;&#x430;&#x440;&#x441;&#x442;&#x432;&#x435;&#x43D;&#x43D;&#x44B;&#x439; &#x442;&#x435;&#x445;&#x43D;&#x438;&#x447;&#x435;&#x441;&#x43A;&#x438;&#x439; &#x443;&#x43D;&#x438;&#x432;&#x435;&#x440;&#x441;&#x438;&#x442;&#x435;&#x442; &#x438;&#x43C;. &#x422;. &#x424;. &#x413;&#x43E;&#x440;&#x431;&#x430;&#x447;&#x435;&#x432;&#x430;"</subfield>
  </datafield>
  <datafield tag="210" ind1=" " ind2=" ">
    <subfield code="a">&#x41A;&#x435;&#x43C;&#x435;&#x440;&#x43E;&#x432;&#x43E;</subfield>
    <subfield code="c">&#x41A;&#x443;&#x437;&#x431;&#x430;&#x441;&#x441;&#x432;&#x443;&#x437;&#x438;&#x437;&#x434;&#x430;&#x442;</subfield>
    <subfield code="d">2014</subfield>
  </datafield>
  <datafield tag="215" ind1=" " ind2=" ">
    <subfield code="a">511 &#x441;.</subfield>
    <subfield code="c">&#x438;&#x43B;., &#x43F;&#x43E;&#x440;&#x442;&#x440;.</subfield>
    <subfield code="d">27</subfield>
  </datafield>
  <datafield tag="300" ind1=" " ind2=" ">
    <subfield code="a">&#x41D;&#x430; 4-&#x439; &#x441;. &#x43E;&#x431;&#x43B;. &#x430;&#x432;&#x442;.: &#x421;&#x43A;&#x443;&#x440;&#x441;&#x43A;&#x438;&#x439; &#x41C;.&#x414;. &#x438;&#x43D;&#x436;.-&#x433;&#x435;&#x43E;&#x43B;&#x43E;&#x433;, &#x434;.&#x433;.-&#x43C;.&#x43D;., &#x430;&#x43A;&#x430;&#x434;., &#x43F;&#x440;&#x43E;&#x444;., &#x43B;&#x430;&#x443;&#x440;&#x435;&#x430;&#x442; &#x413;&#x43E;&#x441;. &#x43F;&#x440;&#x435;&#x43C;&#x438;&#x438; &#x437;&#x430; &#x43E;&#x442;&#x43A;&#x440;&#x44B;&#x442;&#x438;&#x435; &#x438; &#x440;&#x430;&#x437;&#x432;&#x435;&#x434;&#x43A;&#x443; &#x43C;&#x435;&#x441;&#x442;&#x43E;&#x440;&#x43E;&#x436;&#x434;&#x435;&#x43D;&#x438;&#x44F; &#x433;&#x440;&#x443;&#x43F;&#x43F;&#x44B; &#x43C;&#x435;&#x43B;&#x430;&#x43B;&#x43B;&#x43E;&#x430; &#x432; &#x421;&#x438;&#x431;&#x438;&#x440;&#x438;</subfield>
  </datafield>
  <datafield tag="320" ind1=" " ind2=" ">
    <subfield code="a">&#x411;&#x438;&#x431;&#x43B;&#x438;&#x43E;&#x433;&#x440;&#x430;&#x444;&#x438;&#x44F;: &#x441;. 480-495</subfield>
  </datafield>
  <datafield tag="320" ind1=" " ind2=" ">
    <subfield code="a">&#x423;&#x43A;&#x430;&#x437;&#x430;&#x442;&#x435;&#x43B;&#x44C; &#x43C;&#x435;&#x441;&#x442;&#x43E;&#x440;&#x43E;&#x436;&#x434;&#x435;&#x43D;&#x438;&#x439;: &#x441;. 496-507</subfield>
  </datafield>
  <datafield tag="606" ind1="1" ind2=" ">
    <subfield code="a">&#x41F;&#x43E;&#x43B;&#x435;&#x437;&#x43D;&#x44B;&#x435; &#x438;&#x441;&#x43A;&#x43E;&#x43F;&#x430;&#x435;&#x43C;&#x44B;&#x435;</subfield>
    <subfield code="x">&#x41C;&#x435;&#x441;&#x442;&#x43E;&#x440;&#x43E;&#x436;&#x434;&#x435;&#x43D;&#x438;&#x44F;</subfield>
    <subfield code="9">901788</subfield>
    <subfield code="3">RU\NLR\AUTH\667911</subfield>
  </datafield>
  <datafield tag="606" ind1=" " ind2=" ">
    <subfield code="a">&#x41C;&#x435;&#x442;&#x430;&#x43B;&#x43B;&#x43E;&#x433;&#x435;&#x43D;&#x438;&#x44F;</subfield>
    <subfield code="9">933591</subfield>
    <subfield code="3">RU\NLR\AUTH\6625644</subfield>
  </datafield>
  <datafield tag="686" ind1="1" ind2=" ">
    <subfield code="a">&#x414;45</subfield>
  </datafield>
  <datafield tag="686" ind1="1" ind2=" ">
    <subfield code="a">&#x414;451-09</subfield>
  </datafield>
  <datafield tag="700" ind1=" " ind2="1">
    <subfield code="a">&#x421;&#x43A;&#x443;&#x440;&#x441;&#x43A;&#x438;&#x439;</subfield>
    <subfield code="b">&#x41C;.&#x414;.</subfield>
    <subfield code="f">1932-</subfield>
    <subfield code="g">&#x41C;&#x438;&#x445;&#x430;&#x438;&#x43B; &#x414;&#x430;&#x43D;&#x438;&#x43B;&#x43E;&#x432;&#x438;&#x447;</subfield>
  </datafield>
  <datafield tag="712" ind1="0" ind2="2">
    <subfield code="4">570</subfield>
    <subfield code="a">&#x41A;&#x443;&#x437;&#x431;&#x430;&#x441;&#x441;&#x43A;&#x438;&#x439; &#x433;&#x43E;&#x441;&#x443;&#x434;&#x430;&#x440;&#x441;&#x442;&#x432;&#x435;&#x43D;&#x43D;&#x44B;&#x439; &#x442;&#x435;&#x445;&#x43D;&#x438;&#x447;&#x435;&#x441;&#x43A;&#x438;&#x439; &#x443;&#x43D;&#x438;&#x432;&#x435;&#x440;&#x441;&#x438;&#x442;&#x435;&#x442; &#x438;&#x43C;. &#x422;. &#x424;. &#x413;&#x43E;&#x440;&#x431;&#x430;&#x447;&#x435;&#x432;&#x430;</subfield>
    <subfield code="c">&#x41A;&#x435;&#x43C;&#x435;&#x440;&#x43E;&#x432;&#x43E;</subfield>
    <subfield code="3">RU\NLR\AUTH\886974</subfield>
    <subfield code="9">285926</subfield>
  </datafield>
  <datafield tag="801" ind1=" " ind2="0">
    <subfield code="a">RU</subfield>
    <subfield code="b">&#x41A;&#x435;&#x43C;&#x435;&#x440;&#x43E;&#x432;&#x441;&#x43A;&#x430;&#x44F; &#x41E;&#x41D;&#x411;</subfield>
    <subfield code="c">20150303</subfield>
    <subfield code="g">rcr</subfield>
  </datafield>
  <datafield tag="942" ind1=" " ind2=" ">
    <subfield code="c">BOOK</subfield>
  </datafield>
  <datafield tag="980" ind1=" " ind2=" ">
    <subfield code="a">NBR</subfield>
  </datafield>
</record>
